[Event "BI-2013-F-0015"]
[Site "LSS email"]
[Date "2014.02.21"]
[Round "?"]
[White "Herzog, Klaus"]
[Black "Nielsen, Bjarne"]
[Result "1-0"]
[WhiteElo "1828"]
[BlackElo "1807"]
[PlyCount "25"]
[EventDate "2014.02.27"]
[EventType "tourn (corr)"]
[EventRounds "10"]
[EventCountry "GER"]
[SourceTitle "Corr 2015"]
[Source "ChessBase"]
[SourceDate "2015.07.17"]
[SourceVersion "1"]
[SourceVersionDate "2015.07.17"]
[SourceQuality "1"]

1. d4 d5 2. c4 e6 3. Nc3 Be7 4. Nf3 Nf6 5. Bg5 h6 6. Bh4 0-0 7. e3 Ne4 8. Bxe7 Qxe7 9. Rc1 c6 10. Bd3 Nxc3 11. Rxc3 Nd7 12. 0-0 e5 13. dxe5 1-0

[Event "BI-2013-F-0015"]
[Site "LSS email"]
[Date "2014.02.21"]
[Round "?"]
[White "Nielsen, Bjarne"]
[Black "Mostowik, Daniel"]
[Result "0-1"]
[WhiteElo "1807"]
[BlackElo "1883"]
[PlyCount "24"]
[EventDate "2014.02.27"]
[EventType "tourn (corr)"]
[EventRounds "10"]
[EventCountry "GER"]
[SourceTitle "Corr 2015"]
[Source "ChessBase"]
[SourceDate "2015.07.17"]
[SourceVersion "1"]
[SourceVersionDate "2015.07.17"]
[SourceQuality "1"]

1. d4 Nf6 2. c4 g6 3. Nc3 Bg7 4. e4 d6 5. h3 0-0 6. Bg5 c5 7. d5 Qa5 8. Bd2 Qd8 9. Nf3 e6 10. Bd3 exd5 11. cxd5 a6 12. a4 Re8 0-1

[Event "BI-2013-F-0015"]
[Site "LSS email"]
[Date "2014.02.21"]
[Round "?"]
[White "Nielsen, Bjarne"]
[Black "Tanti, Joseph G"]
[Result "0-1"]
[WhiteElo "1807"]
[BlackElo "1609"]
[PlyCount "30"]
[EventDate "2014.02.27"]
[EventType "tourn (corr)"]
[EventRounds "10"]
[EventCountry "GER"]
[SourceTitle "Corr 2015"]
[Source "ChessBase"]
[SourceDate "2015.07.17"]
[SourceVersion "1"]
[SourceVersionDate "2015.07.17"]
[SourceQuality "1"]

1. d4 d5 2. c4 e6 3. Nc3 c6 4. e4 dxe4 5. Nxe4 Bb4+ 6. Bd2 Qxd4 7. Bxb4 Qxe4+ 8. Be2 Na6 9. Ba5 f6 10. Nf3 b6 11. Nd2 Qf4 12. Bh5+ g6 13. Bf3 Qe5+ 14. Kf1 Qc7 15. Bc3 e5 0-1

[Event "BI-2013-P-00026"]
[Site "LSS email"]
[Date "2013.04.23"]
[Round "?"]
[White "Banshchikov, Valery Vasilyevich"]
[Black "Nielsen, Bjarne"]
[Result "1/2-1/2"]
[WhiteElo "1743"]
[BlackElo "1908"]
[PlyCount "88"]
[EventDate "2013.04.25"]
[EventType "tourn (corr)"]
[EventRounds "10"]
[EventCountry "GER"]
[SourceTitle "Telechess CBM 167"]
[Source "ChessBase"]
[SourceDate "2015.07.13"]
[SourceVersion "1"]
[SourceVersionDate "2015.07.13"]
[SourceQuality "1"]

1. e4 c5 2. Nf3 Nc6 3. Bb5 g6 4. Bxc6 dxc6 5. d3 Bg7 6. h3 Nf6 7. 0-0 0-0 8. Nc3 Nd7 9. Be3 e5 10. Qd2 Re8 11. Nh2 b6 12. Bh6 Bh8 13. Ng4 Nf6 14. f3 Nh5 15. a4 a5 16. Be3 Ra7 17. Nh6+ Kf8 18. Ne2 f5 19. f4 exf4 20. Nxf4 Ng3 21. Rf3 Nxe4 22. dxe4 Qxd2 23. Bxd2 Rxe4 24. g4 Rd7 25. Be3 Bd4 26. Re1 Rxe3 27. Rexe3 Re7 28. Ng2 Kg7 29. g5 Rxe3 30. Nxe3 f4 31. Kg2 Bxe3 32. Ng4 Bc1 33. c4 Be6 34. Rb3 Bxc4 35. Rxb6 Bd5+ 36. Kf1 Kf7 37. Ne5+ Ke6 38. Nxc6 Bxc6 39. Rxc6+ Kd5 40. Rb6 c4 41. Rb7 Ke4 42. Ke1 f3 43. h4 Ke3 44. Kf1 Ke4 1/2-1/2

[Event "BI-2013-P-00026"]
[Site "LSS email"]
[Date "2013.04.23"]
[Round "?"]
[White "Nielsen, Bjarne"]
[Black "Pech, Jaroslav Jr"]
[Result "0-1"]
[WhiteElo "1908"]
[BlackElo "1756"]
[PlyCount "120"]
[EventDate "2013.04.25"]
[EventType "tourn (corr)"]
[EventRounds "10"]
[EventCountry "GER"]
[SourceTitle "Telechess CBM 167"]
[Source "ChessBase"]
[SourceDate "2015.07.13"]
[SourceVersion "1"]
[SourceVersionDate "2015.07.13"]
[SourceQuality "1"]

1. c4 e5 2. g3 Nf6 3. Bg2 d5 4. cxd5 Nxd5 5. Nf3 Nc6 6. 0-0 Nb6 7. b3 Be7 8. Bb2 f6 9. d3 0-0 10. Nbd2 Be6 11. a3 a5 12. Qc2 Qd7 13. e3 Bf5 14. Ne4 Qe6 15. Rfd1 Rad8 16. Rac1 Rd7 17. Nh4 Bg4 18. Re1 Rfd8 19. d4 Qf7 20. Nc5 Bxc5 21. dxc5 Nd5 22. f4 exf4 23. exf4 Re7 24. Rxe7 Qxe7 25. Be4 Kh8 26. Ng2 f5 27. Bxd5 Rxd5 28. Re1 Qd7 29. Nh4 Bh5 30. Bc3 h6 31. b4 axb4 32. axb4 Kh7 33. b5 Nd8 34. Re5 Rd3 35. Be1 Bg4 36. Bf2 Rd2 37. Qb3 Be2 38. Be1 Rd3 39. Qc2 Bg4 40. Bf2 Rd1+ 41. Re1 Rxe1+ 42. Bxe1 Qd5 43. Ng2 Ne6 44. Ne3 Qd4 45. Qc3 Qe4 46. Nxg4 fxg4 47. Bf2 Qb1+ 48. Kg2 Qxb5 49. Qe5 Qc6+ 50. Kg1 Kg8 51. Qh5 Qd7 52. Kf1 Qd1+ 53. Kg2 Qe2 54. Qd5 c6 55. Qd7 Kh7 56. Kg1 h5 57. Qf7 Qd1+ 58. Kg2 Qd5+ 59. Kf1 h4 60. Ke1 Qe4+ 0-1

[Event "BI-2012-F-00011"]
[Site "LSS email"]
[Date "2013.02.15"]
[Round "?"]
[White "Ramponelli, Roberto"]
[Black "Nielsen, Bjarne"]
[Result "1/2-1/2"]
[WhiteElo "2088"]
[BlackElo "1908"]
[PlyCount "46"]
[EventDate "2013.02.20"]
[EventType "tourn (corr)"]
[EventRounds "10"]
[EventCountry "GER"]
[SourceTitle "Telechess CBM 167"]
[Source "ChessBase"]
[SourceDate "2015.07.13"]
[SourceVersion "1"]
[SourceVersionDate "2015.07.13"]
[SourceQuality "1"]

1. Nf3 d5 2. g3 Nf6 3. Bg2 c6 4. 0-0 Bg4 5. c4 e6 6. cxd5 exd5 7. h3 Bxf3 8. Bxf3 Bd6 9. d3 0-0 10. Bg2 Re8 11. Nc3 Nbd7 12. a3 Qb6 13. d4 a5 14. Rb1 h6 15. Qd3 a4 16. e4 dxe4 17. Nxe4 Nxe4 18. Bxe4 Nf6 19. Bf3 Rad8 20. Be3 Qc7 21. Kg2 Nd5 22. Bd2 Be5 23. Rfe1 Bf6 1/2-1/2

[Event "CP-2012-P-00059"]
[Site "LSS email"]
[Date "2012.10.01"]
[Round "?"]
[White "Nielsen, Bjarne"]
[Black "Basson, Heinrich"]
[Result "1-0"]
[WhiteElo "1926"]
[BlackElo "1454"]
[PlyCount "83"]
[EventDate "2012.10.05"]
[EventType "tourn (corr)"]
[EventRounds "6"]
[EventCountry "GER"]
[SourceTitle "Telechess CBM 159"]
[Source "ChessBase"]
[SourceDate "2014.03.17"]
[SourceVersion "1"]
[SourceVersionDate "2014.03.17"]
[SourceQuality "1"]

1. d4 c6 2. c4 d5 3. Nc3 Nf6 4. e3 Bf5 5. cxd5 cxd5 6. Qb3 Qd7 7. Nf3 e6 8. Bb5 Nc6 9. Ne5 Qc7 10. Qa4 Rc8 11. Qxa7 Bd6 12. Bxc6+ bxc6 13. Qxc7 Rxc7 14. 0-0 Nd7 15. Nxd7 Kxd7 16. f3 Bg6 17. b3 e5 18. Bd2 Re8 19. dxe5 Bxe5 20. Rac1 Ra7 21. Na4 Kc7 22. Bb4 Raa8 23. Rfd1 Red8 24. Rd2 f6 25. Bc5 Rab8 26. Kf2 h5 27. g3 Rb5 28. f4 Bd6 29. Bxd6+ Rxd6 30. Nc3 Rb8 31. Rd4 Be4 32. Nxe4 dxe4 33. Rxd6 Kxd6 34. Rc4 Ra8 35. a4 f5 36. Kg2 Rb8 37. b4 Kd5 38. Rd4+ Ke6 39. a5 Rb5 40. Rc4 c5 41. bxc5 Kd5 42. Ra4 1-0

[Event "BI-2012-P-00014"]
[Site "LSS email"]
[Date "2012.04.20"]
[Round "?"]
[White "Nielsen, Bjarne"]
[Black "Nowak, Ireneusz"]
[Result "1/2-1/2"]
[WhiteElo "1926"]
[BlackElo "2111"]
[PlyCount "43"]
[EventDate "2012.04.22"]
[EventType "tourn (corr)"]
[EventRounds "10"]
[EventCountry "GER"]
[SourceTitle "Telechess CBM 159"]
[Source "ChessBase"]
[SourceDate "2014.03.17"]
[SourceVersion "1"]
[SourceVersionDate "2014.03.17"]
[SourceQuality "1"]

1. Nf3 e6 2. c4 d5 3. d4 c5 4. cxd5 exd5 5. g3 Nc6 6. Bg2 Nf6 7. Nc3 Be7 8. 0-0 0-0 9. dxc5 Bxc5 10. Bg5 d4 11. Bxf6 Qxf6 12. Nd5 Qd8 13. Nf4 Bb6 14. Rc1 Re8 15. Nd2 Bg4 16. Re1 Rc8 17. Nc4 Bc7 18. Nd3 Qg5 19. Qb3 Na5 20. Nxa5 Bxa5 21. Rxc8 Rxc8 22. h4 1/2-1/2

[Event "BI-2012-P-00014"]
[Site "LSS email"]
[Date "2012.04.20"]
[Round "?"]
[White "Nielsen, Bjarne"]
[Black "Rossetti, Mario"]
[Result "1-0"]
[WhiteElo "1926"]
[BlackElo "1647"]
[PlyCount "89"]
[EventDate "2012.04.22"]
[EventType "tourn (corr)"]
[EventRounds "10"]
[EventCountry "GER"]
[SourceTitle "Telechess CBM 159"]
[Source "ChessBase"]
[SourceDate "2014.03.17"]
[SourceVersion "1"]
[SourceVersionDate "2014.03.17"]
[SourceQuality "1"]

1. Nf3 d5 2. d4 Bg4 3. Ne5 Bf5 4. c4 f6 5. Nf3 c6 6. Nc3 e6 7. h3 Bb4 8. Qb3 Na6 9. Bd2 Ne7 10. cxd5 exd5 11. g4 Bg6 12. a3 Bxc3 13. Bxc3 Qc7 14. Nh4 Be4 15. f3 Bc2 16. Qxc2 Qg3+ 17. Kd1 Qxh4 18. Be1 Qg5 19. Qd2 Qxd2+ 20. Kxd2 c5 21. Bf2 cxd4 22. Bxd4 Nc6 23. Bf2 0-0 24. Rd1 f5 25. gxf5 Rxf5 26. h4 Rd8 27. Bh3 Re5 28. Rc1 d4 29. Bg3 Ree8 30. b4 Rd5 31. Rhd1 Nab8 32. Bxb8 Nxb8 33. Rc7 Rde5 34. e4 dxe3+ 35. Ke2 b5 36. Rd6 Kf8 37. Rxa7 Rh5 38. Be6 Re5 39. Rf7+ Kg8 40. Rf6+ Kh8 41. Rf5 Rxf5 42. Bxf5 g6 43. Bd3 Kg7 44. Bxb5 Rc8 45. a4 1-0

[Event "BI-2011-F-00014"]
[Site "LSS email"]
[Date "2012.02.12"]
[Round "?"]
[White "Nielsen, Bjarne"]
[Black "Bendig, Frank"]
[Result "1/2-1/2"]
[WhiteElo "1924"]
[BlackElo "2139"]
[PlyCount "59"]
[EventDate "2012.02.15"]
[EventType "tourn (corr)"]
[EventRounds "10"]
[EventCountry "GER"]
[SourceTitle "Telechess CBM 165"]
[Source "ChessBase"]
[SourceDate "2015.03.11"]
[SourceVersion "1"]
[SourceVersionDate "2015.03.11"]
[SourceQuality "1"]

1. d4 Nf6 2. c4 Nc6 3. Nf3 e6 4. g3 Bb4+ 5. Bd2 Qe7 6. Nc3 0-0 7. Bg2 d6 8. d5 Ne5 9. Nxe5 dxe5 10. a3 Bc5 11. Na4 Rd8 12. Nxc5 Qxc5 13. Rc1 exd5 14. cxd5 Qb5 15. b4 Bg4 16. Rxc7 e4 17. h3 Bh5 18. g4 Bg6 19. Rc5 Qa6 20. Qb3 Rd7 21. 0-0 Nxd5 22. Rfc1 Qe6 23. Rc8+ Rd8 24. Rxa8 Rxa8 25. Qc4 Re8 26. Qd4 a6 27. a4 h6 28. b5 axb5 29. axb5 Re7 30. Qa7 1/2-1/2

[Event "BI-2011-F-00014"]
[Site "LSS email"]
[Date "2012.02.12"]
[Round "?"]
[White "Nielsen, Bjarne"]
[Black "Milde, Lars"]
[Result "0-1"]
[WhiteElo "1924"]
[BlackElo "1898"]
[PlyCount "58"]
[EventDate "2012.02.15"]
[EventType "tourn (corr)"]
[EventRounds "10"]
[EventCountry "GER"]
[SourceTitle "Telechess CBM 165"]
[Source "ChessBase"]
[SourceDate "2015.03.11"]
[SourceVersion "1"]
[SourceVersionDate "2015.03.11"]
[SourceQuality "1"]

1. d4 d5 2. c4 e6 3. Nf3 Nf6 4. g3 Be7 5. Bg2 0-0 6. 0-0 c5 7. cxd5 exd5 8. Nc3 Nc6 9. b3 Be6 10. Bb2 Rc8 11. dxc5 Bxc5 12. Na4 Be7 13. Rc1 Qa5 14. Nd4 Nxd4 15. Qxd4 b5 16. Nc3 Rfd8 17. a4 bxa4 18. Nxa4 Bf8 19. e3 Qb5 20. Qxa7 Ne4 21. Bd4 Rxc1 22. Rxc1 Qe2 23. Bxe4 dxe4 24. Qc7 Bh3 25. Qf4 Qd2 26. Ra1 Rc8 27. Nc3 Rxc3 28. Bxc3 Qxc3 29. Rb1 Qc2 0-1

[Event "BI-2011-F-00014"]
[Site "LSS email"]
[Date "2012.02.12"]
[Round "?"]
[White "Nielsen, Bjarne"]
[Black "Wisham, Clyde"]
[Result "1/2-1/2"]
[WhiteElo "1924"]
[BlackElo "1840"]
[PlyCount "75"]
[EventDate "2012.02.15"]
[EventType "tourn (corr)"]
[EventRounds "10"]
[EventCountry "GER"]
[SourceTitle "Telechess CBM 165"]
[Source "ChessBase"]
[SourceDate "2015.03.11"]
[SourceVersion "1"]
[SourceVersionDate "2015.03.11"]
[SourceQuality "1"]

1. d4 Nf6 2. c4 g6 3. g3 c6 4. Nf3 d5 5. b3 Bg7 6. Bg2 0-0 7. 0-0 dxc4 8. bxc4 c5 9. Bb2 cxd4 10. Nxd4 Qb6 11. Qb3 Nfd7 12. e3 Nc6 13. Nc3 Na5 14. Qc2 Ne5 15. Nd5 Qd8 16. c5 Bd7 17. Nf3 Nxf3+ 18. Bxf3 e6 19. Bxg7 Kxg7 20. Qb2+ f6 21. Nf4 e5 22. Nd5 Rf7 23. Rfd1 Qc8 24. Qc3 Nc6 25. Nb4 Ne7 26. Rd2 Bg4 27. Bh1 Qc7 28. Qc4 Bd7 29. Nd5 Nxd5 30. Bxd5 Re7 31. Rb1 Bc6 32. Bxc6 Qxc6 33. Rd6 Qe8 34. Qb3 Rc7 35. Rbd1 Rac8 36. e4 a6 37. a4 Qe7 38. Kg2 1/2-1/2

[Event "BI-2011-F-00014"]
[Site "LSS email"]
[Date "2012.02.12"]
[Round "?"]
[White "Soreghy, Janos"]
[Black "Nielsen, Bjarne"]
[Result "1/2-1/2"]
[WhiteElo "1763"]
[BlackElo "1924"]
[PlyCount "96"]
[EventDate "2012.02.15"]
[EventType "tourn (corr)"]
[EventRounds "10"]
[EventCountry "GER"]
[SourceTitle "Telechess CBM 165"]
[Source "ChessBase"]
[SourceDate "2015.03.11"]
[SourceVersion "1"]
[SourceVersionDate "2015.03.11"]
[SourceQuality "1"]

1. e4 c6 2. d4 d5 3. Nc3 dxe4 4. Nxe4 Bf5 5. Ng3 Bg6 6. h4 h6 7. Nf3 Nd7 8. h5 Bh7 9. Bd3 Bxd3 10. Qxd3 e6 11. Bf4 Qa5+ 12. Bd2 Bb4 13. c3 Be7 14. c4 Qc7 15. 0-0-0 Ngf6 16. Kb1 0-0 17. Ne4 Rad8 18. Be3 b5 19. Rc1 b4 20. Nxf6+ Nxf6 21. Rh4 c5 22. Qc2 a5 23. Re1 cxd4 24. Bxd4 Qc6 25. b3 a4 26. bxa4 Ra8 27. Ne5 Qa6 28. Ng4 Nd7 29. Nxh6+ gxh6 30. Rg4+ Bg5 31. f4 e5 32. fxg5 exd4 33. Re7 Nc5 34. gxh6+ Kh8 35. Qf5 Qd6 36. Rg7 Qxh6 37. Rgxf7 Rxf7 38. Qxf7 d3 39. g4 d2 40. Re8+ Rxe8 41. Qxe8+ Kh7 42. Qe7+ Kg8 43. Kc2 Qc6 44. Kxd2 Ne6 45. Qxb4 Qg2+ 46. Kc3 Qf3+ 47. Kb2 Qe2+ 48. Ka3 Qd3+ 1/2-1/2

[Event "BI-2011-F-00014"]
[Site "LSS email"]
[Date "2012.02.12"]
[Round "?"]
[White "Topot, Iwan"]
[Black "Nielsen, Bjarne"]
[Result "0-1"]
[WhiteElo "1753"]
[BlackElo "1924"]
[PlyCount "76"]
[EventDate "2012.02.15"]
[EventType "tourn (corr)"]
[EventRounds "10"]
[EventCountry "GER"]
[SourceTitle "Telechess CBM 165"]
[Source "ChessBase"]
[SourceDate "2015.03.11"]
[SourceVersion "1"]
[SourceVersionDate "2015.03.11"]
[SourceQuality "1"]

1. e4 c6 2. d4 d5 3. Nc3 dxe4 4. Nxe4 Bf5 5. Nc5 e5 6. Nxb7 Qb6 7. Nc5 exd4 8. Nb3 Bb4+ 9. Bd2 Nf6 10. Bd3 Bxd3 11. cxd3 0-0 12. Ne2 c5 13. Bxb4 Qxb4+ 14. Qd2 Nc6 15. 0-0 Qxd2 16. Nxd2 Rfe8 17. Rae1 Rab8 18. b3 Nb4 19. Nc1 Nc2 20. Rd1 Nd7 21. Nc4 Ne5 22. Rd2 Nb4 23. h3 Kf8 24. Rfd1 Re6 25. Kf1 Nxc4 26. bxc4 Ke7 27. Re1 Rxe1+ 28. Kxe1 Rb6 29. Re2+ Kd7 30. f4 Ra6 31. Rb2 Ra3 32. Rb3 Rxb3 33. axb3 Nc2+ 34. Ke2 Kc7 35. g4 Kb6 36. Kf3 Ka5 37. Ke4 Kb4 38. Kd5 Na1 0-1

[Event "CP-2011-P-00050"]
[Site "LSS email"]
[Date "2011.09.30"]
[Round "?"]
[White "Nielsen, Bjarne"]
[Black "Molina, Vicente Andres"]
[Result "1-0"]
[WhiteElo "1912"]
[BlackElo "830"]
[PlyCount "65"]
[EventDate "2011.10.01"]
[EventType "tourn (corr)"]
[EventRounds "6"]
[EventCountry "GER"]
[SourceTitle "Telechess CBM 165"]
[Source "ChessBase"]
[SourceDate "2015.03.11"]
[SourceVersion "1"]
[SourceVersionDate "2015.03.11"]
[SourceQuality "1"]

1. d4 Nf6 2. c4 d6 3. Nc3 g6 4. e4 Bg7 5. Nf3 c6 6. Be2 0-0 7. 0-0 Qc7 8. h3 Nbd7 9. Be3 e5 10. Qc2 Re8 11. Rfd1 exd4 12. Rxd4 Ne5 13. Rad1 d5 14. Nxe5 Qxe5 15. cxd5 cxd5 16. f4 Qc7 17. e5 Nh5 18. Qd2 Be6 19. Nxd5 Bxd5 20. Rxd5 Ng3 21. Bf3 Nf5 22. Rd7 Qc4 23. Bd5 Qa4 24. Bxf7+ Kh8 25. Bxe8 Nxe3 26. Qxe3 Bh6 27. Rxh7+ Kxh7 28. Bxa4 Rf8 29. Rd7+ Kh8 30. Qxa7 Bxf4 31. Rxb7 Bxe5 32. Rh7+ Kg8 33. Bb3+ 1-0

[Event "BI-2011-P-00016"]
[Site "LSS email"]
[Date "2011.04.17"]
[Round "?"]
[White "Nielsen, Bjarne"]
[Black "Gesicki, Jacek"]
[Result "0-1"]
[WhiteElo "1927"]
[BlackElo "2282"]
[PlyCount "60"]
[EventDate "2011.04.20"]
[EventType "tourn (corr)"]
[EventRounds "10"]
[EventCountry "GER"]
[SourceTitle "Corr 2022"]
[Source "ChessBase"]
[SourceDate "2021.10.24"]
[SourceVersion "1"]
[SourceVersionDate "2021.10.24"]
[SourceQuality "1"]

1. d4 Nf6 2. c4 g6 3. Nc3 d5 4. cxd5 Nxd5 5. e4 Nxc3 6. bxc3 Bg7 7. Nf3 c5 8. Rb1 0-0 9. Be2 cxd4 10. cxd4 Qa5+ 11. Bd2 Qxa2 12. 0-0 b6 13. Qc1 Qe6 14. Bc4 Qxe4 15. Bxf7+ Rxf7 16. Qxc8+ Rf8 17. Qc4+ e6 18. Rfe1 Qd5 19. Rbc1 Qxc4 20. Rxc4 b5 21. Rc7 a5 22. Rxe6 a4 23. Ree7 Bf6 24. Rxh7 a3 25. Rh6 Nd7 26. Rxd7 Bg7 27. Rxg6 Rf7 28. Rxf7 Kxf7 29. Rxg7+ Kxg7 30. d5 Rc8 0-1

[Event "BI-2011-P-00016"]
[Site "LSS email"]
[Date "2011.04.17"]
[Round "?"]
[White "Roggensack, Hans Peter"]
[Black "Nielsen, Bjarne"]
[Result "1/2-1/2"]
[WhiteElo "2154"]
[BlackElo "1927"]
[PlyCount "57"]
[EventDate "2011.04.20"]
[EventType "tourn (corr)"]
[EventRounds "10"]
[EventCountry "GER"]
[SourceTitle "Corr 2022"]
[Source "ChessBase"]
[SourceDate "2021.10.24"]
[SourceVersion "1"]
[SourceVersionDate "2021.10.24"]
[SourceQuality "1"]

1. e4 e6 2. d3 d5 3. Nd2 Nf6 4. Ngf3 Nc6 5. c3 Bd6 6. g3 0-0 7. Bg2 e5 8. 0-0 Be6 9. Qe2 Qd7 10. Ng5 Bg4 11. f3 Bh5 12. Bh3 Qe7 13. exd5 Nxd5 14. Qe4 Nf6 15. Qc4 Bc5+ 16. Kg2 Rad8 17. Nde4 Bb6 18. Nxf6+ Qxf6 19. b4 Ne7 20. Ne4 Qc6 21. Bg5 Qxc4 22. dxc4 f6 23. Be6+ Bf7 24. Bxf7+ Rxf7 25. Rad1 Rxd1 26. Rxd1 fxg5 27. c5 Nf5 28. Rd8+ Rf8 29. Rd7 1/2-1/2

[Event "BI-2010-F-00014"]
[Site "LSS email"]
[Date "2011.02.21"]
[Round "?"]
[White "Nielsen, Bjarne"]
[Black "Endean, Andrew"]
[Result "1/2-1/2"]
[WhiteElo "1899"]
[BlackElo "1636"]
[PlyCount "72"]
[EventDate "2011.02.24"]
[EventType "tourn (corr)"]
[EventRounds "10"]
[EventCountry "GER"]
[SourceTitle "Telechess CBM 151"]
[Source "ChessBase"]
[SourceDate "2012.11.13"]
[SourceVersion "1"]
[SourceVersionDate "2012.11.13"]
[SourceQuality "1"]

1. c4 e5 2. g3 Nf6 3. Bg2 d5 4. cxd5 Nxd5 5. Nf3 Nc6 6. 0-0 Nb6 7. b3 Be7 8. Bb2 f6 9. d3 Be6 10. Nbd2 0-0 11. a3 Qd7 12. Qc2 Rad8 13. Rac1 Bh3 14. b4 a6 15. Rfd1 Bxg2 16. Kxg2 Qe6 17. e3 f5 18. Qb3 Qxb3 19. Nxb3 Rd5 20. Ba1 Bd6 21. Ng5 Re8 22. e4 fxe4 23. Nxe4 Na4 24. Nbc5 Bxc5 25. Nxc5 Nxc5 26. Rxc5 Rd7 27. Rb1 Rxd3 28. b5 axb5 29. Rbxb5 Rxa3 30. Rxb7 Na5 31. Rb1 Rxa1 32. Rxa1 Nb3 33. Rac1 Nxc1 34. Rxc1 Rc8 35. Kf3 Kf7 36. Ke4 Ke6 1/2-1/2

[Event "BI-2010-F-00014"]
[Site "LSS email"]
[Date "2011.02.21"]
[Round "?"]
[White "Nielsen, Bjarne"]
[Black "Vio, Mauro"]
[Result "1-0"]
[WhiteElo "1899"]
[BlackElo "1557"]
[PlyCount "87"]
[EventDate "2011.02.24"]
[EventType "tourn (corr)"]
[EventRounds "10"]
[EventCountry "GER"]
[SourceTitle "Telechess CBM 151"]
[Source "ChessBase"]
[SourceDate "2012.11.13"]
[SourceVersion "1"]
[SourceVersionDate "2012.11.13"]
[SourceQuality "1"]

1. c4 c5 2. g3 Nf6 3. Bg2 e5 4. Nc3 Be7 5. d3 0-0 6. e3 Nc6 7. Nge2 d6 8. 0-0 h6 9. a3 Bg4 10. Qc2 Qd7 11. Rb1 Bh3 12. Nd5 Bxg2 13. Kxg2 Nxd5 14. cxd5 Nd8 15. f4 exf4 16. Nxf4 Re8 17. e4 Bg5 18. Nh5 Re5 19. Qe2 Bxc1 20. Rbxc1 b5 21. b4 cxb4 22. axb4 a5 23. Nf4 a4 24. Qf2 h5 25. Qb6 Ra7 26. Ne2 Rb7 27. Qa6 Rb8 28. Nd4 f6 29. Qa5 Re7 30. Nf5 Rf7 31. Qa6 Nb7 32. Rf2 Kh7 33. Rfc2 h4 34. Nxh4 Kg8 35. Nf5 Kh7 36. Rc6 Nd8 37. Rxd6 Qa7 38. h4 a3 39. Rc3 g6 40. Rxa3 Qxa6 41. Raxa6 gxf5 42. Rxf6 fxe4 43. dxe4 Re7 44. Rh6+ 1-0

[Event "CP-2010-P-00062"]
[Site "LSS email"]
[Date "2010.09.28"]
[Round "?"]
[White "Morau, Jose Roberto"]
[Black "Nielsen, Bjarne"]
[Result "0-1"]
[WhiteElo "1507"]
[BlackElo "1888"]
[PlyCount "92"]
[EventDate "2010.10.01"]
[EventType "tourn (corr)"]
[EventRounds "6"]
[EventCountry "GER"]
[SourceTitle "Telechess CBM 143"]
[Source "ChessBase"]
[SourceDate "2011.07.15"]
[SourceVersion "1"]
[SourceVersionDate "2011.07.15"]
[SourceQuality "1"]

1. e4 c6 2. d4 d5 3. e5 Bf5 4. Nf3 Nd7 5. Nh4 e6 6. Nxf5 exf5 7. Bd3 g6 8. 0-0 Bg7 9. Re1 Ne7 10. Nd2 0-0 11. Nb3 Re8 12. c3 a5 13. a4 Nf8 14. Nc5 Qc7 15. Bf1 Ne6 16. Nxe6 fxe6 17. b4 axb4 18. cxb4 Nc8 19. Qb3 Rf8 20. Bd2 f4 21. Qf3 Ne7 22. Bc3 Bh6 23. Qh3 Nf5 24. Reb1 Rf7 25. a5 Bf8 26. Qf3 h5 27. Ra2 Nh4 28. Qd3 f3 29. g3 Nf5 30. b5 cxb5 31. Qxb5 Qxc3 32. Qd3 Qxd3 33. Bxd3 Nxd4 34. Bxg6 Ne2+ 35. Kh1 Rg7 36. Ra3 Bxa3 37. Bxh5 Nd4 38. Bxf3 Nxf3 39. Rb3 Rxa5 40. Rxf3 Rf7 41. Rxf7 Kxf7 42. Kg2 b5 43. Kf1 b4 44. Ke1 b3 45. Kd2 b2 46. Kc2 Rc5+ 0-1

[Event "CP-2010-P-00062"]
[Site "LSS email"]
[Date "2010.09.28"]
[Round "?"]
[White "Nielsen, Bjarne"]
[Black "Wilk, Zbigniew"]
[Result "1-0"]
[WhiteElo "1893"]
[BlackElo "2181"]
[PlyCount "37"]
[EventDate "2010.10.01"]
[EventType "tourn (corr)"]
[EventRounds "6"]
[EventCountry "GER"]
[SourceTitle "Telechess CBM 143"]
[Source "ChessBase"]
[SourceDate "2011.07.15"]
[SourceVersion "1"]
[SourceVersionDate "2011.07.15"]
[SourceQuality "1"]

1. c4 e5 2. g3 Nf6 3. Bg2 Nc6 4. Nc3 Bc5 5. e3 0-0 6. Nge2 d6 7. 0-0 Bb6 8. d3 Be6 9. Nd5 Bxd5 10. cxd5 Ne7 11. Nc3 a5 12. b3 Rc8 13. Bb2 Qd7 14. Rc1 Rfe8 15. Qd2 Ba7 16. Rc2 b5 17. a3 Bb6 18. b4 Ra8 19. Ra1 1-0

[Event "LSS SB-2010-0-00104"]
[Site "LSS email"]
[Date "2010.08.08"]
[Round "?"]
[White "Nielsen, Bjarne"]
[Black "Avellan, Gerardo"]
[Result "0-1"]
[WhiteElo "1896"]
[BlackElo "1864"]
[PlyCount "76"]
[EventDate "2010.07.12"]
[EventType "tourn (corr)"]
[EventRounds "6"]
[EventCountry "GER"]
[SourceTitle "Telechess CBM 143"]
[Source "ChessBase"]
[SourceDate "2011.07.15"]
[SourceVersion "1"]
[SourceVersionDate "2011.07.15"]
[SourceQuality "1"]

1. d4 Nf6 2. c4 e6 3. g3 d5 4. Nf3 dxc4 5. Bg2 a6 6. 0-0 Nc6 7. Qa4 b5 8. Qd1 Bb7 9. Ne5 Nd5 10. Nxc6 Bxc6 11. Nc3 Bb4 12. a3 Ba5 13. Nxd5 exd5 14. Bf4 0-0 15. e3 f6 16. h4 Be8 17. Qg4 c6 18. Bh3 Rf7 19. Bg2 Bd7 20. Qe2 Bf5 21. Rfd1 Qd7 22. Bf3 Bd3 23. Rxd3 cxd3 24. Qd1 d2 25. Bg4 f5 26. Bf3 Qe6 27. b4 Bc7 28. Bxc7 Rxc7 29. Qxd2 a5 30. Rc1 axb4 31. axb4 Rca7 32. Qc3 Ra6 33. Kg2 g6 34. Qc5 h6 35. h5 g5 36. Bd1 Kh8 37. Rc3 Ra1 38. Bc2 f4 0-1

[Event "LSS SB-2010-0-00102"]
[Site "LSS email"]
[Date "2010.07.30"]
[Round "?"]
[White "Nielsen, Bjarne"]
[Black "Lanin, Boris Aleksandrovic"]
[Result "1/2-1/2"]
[WhiteElo "1896"]
[BlackElo "1907"]
[PlyCount "71"]
[EventDate "2010.06.30"]
[EventType "tourn (corr)"]
[EventRounds "6"]
[EventCountry "GER"]
[SourceTitle "Telechess CBM 143"]
[Source "ChessBase"]
[SourceDate "2011.07.15"]
[SourceVersion "1"]
[SourceVersionDate "2011.07.15"]
[SourceQuality "1"]

1. d4 Nf6 2. c4 g6 3. g3 Bg7 4. Bg2 0-0 5. Nf3 d6 6. Nc3 Nc6 7. 0-0 a6 8. Qd3 Nd7 9. Be3 h6 10. Qd2 Kh7 11. d5 Na5 12. b3 c5 13. dxc6 bxc6 14. Rad1 Rb8 15. Ba7 Rb7 16. Bd4 c5 17. Bxg7 Kxg7 18. Nh4 Rb8 19. f4 Nf6 20. e4 Qc7 21. Qe1 Nc6 22. Rd2 Nd4 23. Nf3 e5 24. Nxd4 exd4 25. e5 dxe5 26. fxe5 Ng4 27. Nd5 Qxe5 28. Re2 Qd6 29. h3 Ne3 30. Nxe3 dxe3 31. Rxe3 Bb7 32. Re7 Bxg2 33. Kxg2 a5 34. Qe5+ Qxe5 35. Rxe5 a4 36. Rxc5 1/2-1/2